|
|
|
|
| LEADER |
01011nam a2200217 i 4500 |
| 003 |
GR-PaULI |
| 005 |
20220727104945.0 |
| 008 |
220727t1971 gr g 000 1 gre d |
| 952 |
|
|
|0 0
|1 0
|2 ddc
|4 0
|6 823_914000000000000_DEI
|7 1
|9 362930
|a LISP
|b LISP
|c DON
|d 2022-07-27
|e ΨΥΧ
|i 258116
|l 0
|o 823.914 DEI
|p 025000288036
|r 2022-07-27 00:00:00
|t 1
|w 2022-07-27
|y BKN
|
| 999 |
|
|
|c 212056
|d 212056
|
| 040 |
|
|
|a GR-PaULI
|b gre
|c GR-PaULI
|e AACR2
|
| 082 |
0 |
4 |
|2 23
|a 823.914
|
| 100 |
1 |
|
|9 109141
|a Deighton, Len,
|d 1929-
|e συγγραφέας.
|
| 240 |
|
|
|a Billion-dollar brain.
|
| 245 |
1 |
2 |
|a Ο εγκέφαλος /
|c Λεν Ντέιτον ; μετάφραση Πέτρου Αναγνωστόπουλου.
|
| 260 |
|
|
|a Αθήναι :
|b Πάπυρος,
|c c1971.
|
| 300 |
|
|
|a 226 σ. ;
|c 18 εκ.
|
| 490 |
1 |
|
|a Σειρά Αστυνομικού Μυθιστορήματος (Βίπερ):
|v 92.
|
| 830 |
|
|
|9 193231
|a Σειρά Αστυνομικού Μυθιστορήματος (Βιπερ)
|
| 942 |
|
|
|2 ddc
|c BK
|
| 998 |
|
|
|c Σαλαμούρα
|d 2022-07
|